| 000 | 00366nam a22001577a 4500 | ||
|---|---|---|---|
| 003 | macl | ||
| 005 | 20210216132314.0 | ||
| 008 | 210216b xxu||||| |||| 00| 0 eng d | ||
| 040 | _cmacl | ||
| 082 | _a304 | ||
| 100 |
_aVoh ,kumar A. _980913 |
||
| 245 | _aBody language | ||
| 260 |
_aDelhi _bpremier Book _c2017 |
||
| 650 |
_abody language _980914 |
||
| 942 |
_2ddc _cBK |
||
| 999 |
_c64131 _d64131 |
||